| 000 | 00943nam a22002657a 4500 | ||
|---|---|---|---|
| 999 |
_c64241 _d64241 |
||
| 005 | 20240530110721.0 | ||
| 008 | 180326s2017 ua g 001 0bara d | ||
| 017 |
_a2016/14495 _bمصر. دار الكتب |
||
| 020 | _a9789777650533 | ||
| 040 |
_aEG-CaGPL _cEG-CaGPL |
||
| 082 | 0 | 4 |
_221 _a193 / _bو ش |
| 100 | 1 | _aويكس، روبرت | |
| 245 | 1 | 0 |
_aشوبنهاور / _cتاليف روبرت ويكس ؛ ترجمة وشرح سعيد توفيق |
| 250 | _aط.1 | ||
| 260 |
_aالقاهرة : _bالمركز القومى للترجمة ، _c2017. |
||
| 300 |
_a271 ص. ؛ _c24 سم. |
||
| 490 |
_aالمركز القومى للترجمة ؛ _v2951. |
||
| 600 | 0 | 7 | _aشوبنهاور |
| 650 | 0 | 7 |
_2qrmak _aالتراجم الادبية |
| 650 | 0 | 7 |
_2qrmak _aالادباء _vتراجم |
| 651 | _2qrmak | ||
| 700 | 0 |
_aسعيد توفيق _eمترجم وشارح |
|
| 942 |
_2ddc _cBK |
||